ARRUPE JESUIT UNIVERSITY

CORONAVIRUS -STOP THE SPREAD - CLEAN,DISINFECT,COVER

Teacher education research in a new context : (Record no. 123700)

MARC details
000 -LEADER
fixed length control field 01055cam a2200313 a 4500
001 - CONTROL NUMBER
control field 4973655
003 - CONTROL NUMBER IDENTIFIER
control field ARRUPE
005 - DATE AND TIME OF LATEST TRANSACTION
control field 20151030104809.0
008 - FIXED-LENGTH DATA ELEMENTS--GENERAL INFORMATION
fixed length control field 970909s1997 enka b 001 0 eng d
010 ## - LIBRARY OF CONGRESS CONTROL NUMBER
LC control number 97197792
020 ## - INTERNATIONAL STANDARD BOOK NUMBER
International Standard Book Number 185396364X
035 ## - SYSTEM CONTROL NUMBER
System control number (OCoLC)37592964
040 ## - CATALOGING SOURCE
Original cataloging agency TxDN
Transcribing agency TxDN
Modifying agency DLC
042 ## - AUTHENTICATION CODE
Authentication code lccopycat
043 ## - GEOGRAPHIC AREA CODE
Geographic area code e-uk---
050 00 - LIBRARY OF CONGRESS CALL NUMBER
Classification number LB1725.G6
Item number T385 1997
082 00 - DEWEY DECIMAL CLASSIFICATION NUMBER
Classification number 370/.71/042
Edition number 21
300 ## - PHYSICAL DESCRIPTION
Other physical details ill. ;
Dimensions 24 cm.
100 ## - MAIN ENTRY--PERSONAL NAME
Personal name McIntyre, Donald,
9 (RLIN) 20796
245 00 - TITLE STATEMENT
Title Teacher education research in a new context :
Remainder of title the Oxford Internship Scheme /
Statement of responsibility, etc edited by Donald McIntyre.
260 ## - PUBLICATION, DISTRIBUTION, ETC. (IMPRINT)
Place of publication, distribution, etc London :
Name of publisher, distributor, etc Paul Chapman Pub.,
Date of publication, distribution, etc c1997.
300 ## - PHYSICAL DESCRIPTION
Extent viii, 206 p. :
440 #0 - SERIES STATEMENT/ADDED ENTRY--TITLE
Title New Bera dialogues
9 (RLIN) 20797
504 ## - BIBLIOGRAPHY, ETC. NOTE
Bibliography, etc Includes bibliographical references and index.
650 #0 - SUBJECT ADDED ENTRY--TOPICAL TERM
Topical term or geographic name as entry element Teachers
General subdivision Training of
Geographic subdivision Great Britain.
9 (RLIN) 20798
700 1# - ADDED ENTRY--PERSONAL NAME
Personal name McIntyre, Donald,
Dates associated with a name 1937-2007.
9 (RLIN) 20799
906 ## - LOCAL DATA ELEMENT F, LDF (RLIN)
a 7
b cbc
c copycat
d 3
e ncip
f 19
g y-gencatlg
942 ## - ADDED ENTRY ELEMENTS (KOHA)
Source of classification or shelving scheme Library of Congress Classification
Koha item type Monograph ( Printed materials)
Holdings
Withdrawn status Lost status Source of classification or shelving scheme Damaged status Not for loan Collection code Home library Current library Shelving location Date acquired Total Checkouts Full call number Barcode Date last seen Date checked out Price effective from Koha item type
    Library of Congress Classification     Main Collection ARRUPE LIBRARY ARRUPE LIBRARY Main Collection 30/10/2015 1 LB1725.G6T385 1997 46500005790 28/06/2018 15/03/2016 30/10/2015 Monograph ( Printed materials)

 

Arrupe Library. PO Box MP320 Mt Pleasant, Harare, Zimbabwe
263 242 745411|librarian@aju.ac.zw